Influence of composition and crosslinking on mechanical and thermal properties of recycled polyethylene/EVA mixtures (Record no. 61199)

MARC details
000 -LEADER
fixed length control field 00623nam a2200205Ia 4500
100 ## - MAIN ENTRY--AUTHOR NAME
Personal name Zattera A J
245 #0 - TITLE STATEMENT
Title Influence of composition and crosslinking on mechanical and thermal properties of recycled polyethylene/EVA mixtures
260 ## - PUBLICATION, DISTRIBUTION, ETC. (IMPRINT)
Name of publisher Progress in Rubber, Plastics and Recycling Technology
Year of publication 2006
300 ## - PHYSICAL DESCRIPTION
Number of Pages 69-87
650 ## - SUBJECT ADDED ENTRY--TOPICAL TERM
Topical Term Crosslinking
650 ## - SUBJECT ADDED ENTRY--TOPICAL TERM
Topical Term Mechanical properties
650 ## - SUBJECT ADDED ENTRY--TOPICAL TERM
Topical Term Thermal properties
700 ## - ADDED ENTRY--PERSONAL NAME
Personal name Bianchi O
700 ## - ADDED ENTRY--PERSONAL NAME
Personal name Canto L B
700 ## - ADDED ENTRY--PERSONAL NAME
Personal name Ferreira C A
700 ## - ADDED ENTRY--PERSONAL NAME
Personal name Oliveira R V B
700 ## - ADDED ENTRY--PERSONAL NAME
Personal name Zeni M
942 ## - ADDED ENTRY ELEMENTS (KOHA)
Koha item type Journals
Holdings
Withdrawn status Lost status Damaged status Not for loan Home library Current library Shelving location Date acquired Serial Enumeration / chronology Koha item type
      Journals RRII Library RRII Library Rubber chemistry 17/12/2021 Volume 22, Issue 2 Journals